| 000 | 01988nam0a2200493 4500 | ||
|---|---|---|---|
| 001 | RU\NLR\bibl\1024473 | ||
| 005 | 20260406003802.0 | ||
| 010 | _a5-93273-214-8 | ||
| 021 |
_aRU _b2006-73100 _93689 |
||
| 035 | _a(NLR Aleph) 001346908 | ||
| 090 |
_a896150 _c896150 |
||
| 100 | _a20061219d2006 u y0rusy50 ca | ||
| 101 | 1 | _arus | |
| 102 |
_aRU _aIL |
||
| 105 | _ay z|||001yy | ||
| 135 | _acrmn mmmanaba | ||
| 200 | 1 |
_aМедицина и каббала _eтора, свет, исцеление _fРав Матитьягу Глазерсон _g[пер. Меир Левинов] |
|
| 210 |
_aМосква _cМосты культуры _cИерусалим _cГешарим _d2006 |
||
| 215 |
_a189, [2] с. _d21 |
||
| 225 | 1 | _aКаббала и еврейская традиция | |
| 300 | _aНа доп. тит. л.: Torah, light and healing / Rabbi Matityahu Glazerson | ||
| 325 | _aКопия доступна в Электрон. б-ке РНБ | ||
| 517 | 0 |
_6z77790 _aTorah, light and healing _zund |
|
| 606 | 1 |
_aКаббала _91274272 _3RU\NLR\auth\66524815 |
|
| 606 | 1 |
_aЕврейская медицина _91135155 _3RU\NLR\auth\66451224 |
|
| 686 | _aЭ36-34-024.7 | ||
| 686 | _aР358.9 | ||
| 700 | 1 |
_4070 _8rus _7ca _aГлазерсон _bМ. _gМатитьягу _3RU\NLR\auth\77113304 _996229 |
|
| 790 | 1 |
_6z77517 _aGlazerson _bM. _gMatityahu _4070 |
|
| 801 | 0 |
_aRU _bNLR _c20061219 _gRCR |
|
| 801 | 1 |
_aRU _bNLR _c20061219 |
|
| 852 |
_aNLR _bОЛСАА-ивр _j3-2659 |
||
| 856 | 0 | _uhttps://vivaldi.nlr.ru/bx700005203/view | |
| 856 | 1 | _uhttps://vivaldi.nlr.ru/bx700005203/cover | |
| 856 | 2 | _uhttps://vivaldi.nlr.ru/bx700005203/text | |
| 942 | _cBOOK | ||
| 980 | _aNB | ||
| 980 | 1 | _aHEBR | |
| 981 | 2 | 3 |
_a(23) Национальные литературы _b(23) Книги ОЛСАА |